000 00997nam a2200277 i 4500
001 bg
245 0 0 _aGospodarka w obliczu eurotransformacji /
_cred. nauk. Janina Stankiewicz ; [aut. Janusz Adamczyk et al.] ; Uniwersytet Zielonogórski.
260 _aZielona Góra :
_bOficyna Wydawnicza UZ,
_c2004.
300 _a285 s. :
_bmapy, rys., tab., wykr. ;
_c24 cm.
500 _aNazwy aut. na s. 283-285. - Streszcz. ang. przy pracach.
504 _aBibliogr. przy pracach.
610 2 9 _aUnia Europejska
_xa Polska
_xgospodarka
651 9 _aPolska
_xa Unia Europejska
_xgospodarka
651 9 _aPolska
_xgospodarka
_xpolityka
_yod 1989 r.
700 1 _aSTANKIEWICZ, Janina.
_eRed.
700 1 _aADAMCZYK, Janusz
710 0 _aUniwersytet Zielonogórski
015 _aPB 17818/2004
020 _a8389712008
040 _cBPK
041 0 _apol
_beng
080 _a338.22(438):339.923(4-67)]"1989/..."
920 _a83-89712-00-8
942 _cKS
008 s pl f |000 0 pol
999 _c46437
_d46437
856 _uhttp://koha.tu.koszalin.pl/cgi-bin/koha/opac-detail.pl?biblionumber=46437
_yKatalog online BPK